[Event "DVM U14 2023"]
[Site "Magdeburg GER"]
[Date "2023.12.29"]
[Round "5"]
[White "Klein, Levent"]
[Black "Schwitkowski, Luka"]
[Result "0-1"]
[Termination "normal"]
[Board "5.1"]
[WhiteElo "1735"]
[BlackElo "1817"]
[WhiteClock "00:29:42"]
[BlackClock "01:04:52"]
[WhiteTeam "SG Kaiserslautern 1905"]
[BlackTeam "SV Erkenschwick 1923"]
[PlyCount "82"]
[WhiteFideId "34611274"]
[BlackFideId "34610669"]
[EventCountry "GER"]
[EventRounds "7"]
[EventType "team-swiss"]
[EventDate "2023.12.26"]

1. d4 {[%clk 01:30:55]} {[%emt 00:00:04]} Nf6 {[%clk 01:30:54]} {[%emt
00:00:06]} 2. c4 {[%clk 01:31:22]} {[%emt 00:00:04]} g6 {[%clk 01:31:15]}
{[%emt 00:00:08]} 3. Nc3 {[%clk 01:31:33]} {[%emt 00:00:19]} Bg7 {[%clk
01:31:37]} {[%emt 00:00:07]} 4. e4 {[%clk 01:31:35]} {[%emt 00:00:28]} d6
{[%clk 01:32:02]} {[%emt 00:00:05]} 5. Nf3 {[%clk 01:31:42]} {[%emt 00:00:23]}
O-O {[%clk 01:32:19]} {[%emt 00:00:12]} 6. Be2 {[%clk 01:31:51]} {[%emt
00:00:23]} e5 {[%clk 01:32:43]} {[%emt 00:00:06]} 7. O-O {[%clk 01:32:05]}
{[%emt 00:00:16]} Nc6 {[%clk 01:33:07]} {[%emt 00:00:05]} 8. d5 {[%clk
01:31:55]} {[%emt 00:00:41]} Ne7 {[%clk 01:33:30]} {[%emt 00:00:06]} 9. h3
{[%clk 01:32:18]} {[%emt 00:00:08]} Nh5 {[%clk 01:30:18]} {[%emt 00:03:41]} 10.
Ne1 {[%clk 01:17:44]} {[%emt 00:15:04]} Nf4 {[%clk 01:30:28]} {[%emt 00:00:20]}
11. Nd3 {[%clk 01:17:46]} {[%emt 00:00:28]} Nxe2+ {[%clk 01:30:26]} {[%emt
00:00:32]} 12. Qxe2 {[%clk 01:18:04]} {[%emt 00:00:10]} f5 {[%clk 01:30:51]}
{[%emt 00:00:07]} 13. f3 {[%clk 01:15:55]} {[%emt 00:02:39]} b6 {[%clk
01:28:56]} {[%emt 00:02:24]} 14. Be3 {[%clk 01:07:39]} {[%emt 00:08:47]} f4
{[%clk 01:29:18]} {[%emt 00:00:09]} 15. Bf2 {[%clk 01:08:01]} {[%emt 00:00:07]}
g5 {[%clk 01:29:35]} {[%emt 00:00:13]} 16. a4 {[%clk 00:56:47]} {[%emt
00:11:44]} a5 {[%clk 01:22:44]} {[%emt 00:07:21]} 17. b4 {[%clk 00:55:58]}
{[%emt 00:01:20]} axb4 {[%clk 01:23:10]} {[%emt 00:00:04]} 18. Nxb4 {[%clk
00:56:19]} {[%emt 00:00:08]} Bd7 {[%clk 01:23:36]} {[%emt 00:00:04]} 19. Nb5
{[%clk 00:55:12]} {[%emt 00:01:35]} h5 {[%clk 01:23:28]} {[%emt 00:00:41]} 20.
Nd3 {[%clk 00:48:09]} {[%emt 00:07:31]} Rf6 {[%clk 01:19:17]} {[%emt 00:04:41]}
21. Be1 {[%clk 00:47:45]} {[%emt 00:00:55]} Qc8 {[%clk 00:59:42]} {[%emt
00:20:04]} 22. Nf2 {[%clk 00:45:00]} {[%emt 00:03:16]} Ng6 {[%clk 00:50:30]}
{[%emt 00:09:42]} 23. a5 {[%clk 00:37:27]} {[%emt 00:08:03]} Nh4 {[%clk
00:50:54]} {[%emt 00:00:06]} 24. Ra3 {[%clk 00:21:39]} {[%emt 00:16:19]} Rg6
{[%clk 00:50:13]} {[%emt 00:01:10]} 25. a6 {[%clk 00:20:37]} {[%emt 00:01:32]}
Rxa6 {[%clk 00:50:29]} {[%emt 00:00:14]} 26. Rxa6 {[%clk 00:20:46]} {[%emt
00:00:21]} Qxa6 {[%clk 00:50:49]} {[%emt 00:00:09]} 27. Nxc7 {[%clk 00:20:54]}
{[%emt 00:00:22]} Qc8 {[%clk 00:51:14]} {[%emt 00:00:04]} 28. Nb5 {[%clk
00:21:14]} {[%emt 00:00:11]} g4 {[%clk 00:40:34]} {[%emt 00:11:10]} 29. hxg4
{[%clk 00:15:43]} {[%emt 00:06:01]} hxg4 {[%clk 00:40:46]} {[%emt 00:00:18]}
30. Nxg4 {[%clk 00:13:41]} {[%emt 00:02:32]} Bxg4 {[%clk 00:38:53]} {[%emt
00:02:24]} 31. fxg4 {[%clk 00:11:16]} {[%emt 00:02:55]} Rxg4 {[%clk 00:37:28]}
{[%emt 00:01:55]} 32. Bxh4 {[%clk 00:10:17]} {[%emt 00:01:28]} Rxh4 {[%emt
00:00:22]} 33. Nxd6 {[%clk 00:08:56]} {[%emt 00:01:50]} Qd8 {[%clk 00:36:24]}
{[%emt 00:01:43]} 34. Nf5 {[%clk 00:07:53]} {[%emt 00:01:33]} Bf8 {[%clk
00:36:30]} {[%emt 00:00:25]} 35. Kf2 {[%clk 00:07:29]} {[%emt 00:00:54]} Bc5+
{[%clk 00:35:59]} {[%emt 00:01:01]} 36. Ke1 {[%clk 00:06:54]} {[%emt 00:01:05]}
Bb4+ {[%clk 00:36:09]} {[%emt 00:00:20]} 37. Kd1 {[%clk 00:06:20]} {[%emt
00:01:03]} Qa8 {[%clk 00:35:46]} {[%emt 00:00:52]} 38. Qb2 {[%clk 00:04:58]}
{[%emt 00:01:54]} Ba3 {[%clk 00:34:41]} {[%emt 00:01:34]} 39. Qc2 {[%clk
00:01:07]} {[%emt 00:04:19]} Rh2 {[%clk 00:34:10]} {[%emt 00:00:58]} 40. Ne7+
{[%clk 00:00:42]} {[%emt 00:01:00]} Bxe7 {[%clk 00:34:35]} {[%emt 00:00:05]}
41. Qb3 {[%clk 00:29:42]} {[%emt 00:01:29]} Qa1+ {[%clk 01:04:52]} {[%emt
00:00:12]} 0-1

[Event "DVM U14 2023"]
[Site "Magdeburg GER"]
[Date "2023.12.29"]
[Round "5"]
[White "Riechenberg, Sebastian"]
[Black "Steinbrenner, Peter"]
[Result "1/2-1/2"]
[Termination "normal"]
[Board "5.2"]
[WhiteElo "1913"]
[BlackElo "1698"]
[WhiteClock "00:13:41"]
[BlackClock "00:15:38"]
[WhiteTeam "SV Erkenschwick 1923"]
[BlackTeam "SG Kaiserslautern 1905"]
[PlyCount "76"]
[WhiteFideId "34605231"]
[BlackFideId "34645535"]
[EventCountry "GER"]
[EventRounds "7"]
[EventType "team-swiss"]
[EventDate "2023.12.26"]

1. d4 {[%clk 01:30:50]} {[%emt 00:00:10]} Nf6 {[%clk 01:30:53]} {[%emt
00:00:07]} 2. Bg5 {[%clk 01:31:01]} {[%emt 00:00:19]} d5 {[%clk 01:31:07]}
{[%emt 00:00:17]} 3. e3 {[%clk 01:31:03]} {[%emt 00:00:28]} e6 {[%clk
01:31:17]} {[%emt 00:00:20]} 4. Nd2 {[%clk 01:30:37]} {[%emt 00:00:55]} Be7
{[%clk 01:31:19]} {[%emt 00:00:28]} 5. Bd3 {[%clk 01:30:49]} {[%emt 00:00:18]}
c5 {[%clk 01:31:21]} {[%emt 00:00:29]} 6. c3 {[%clk 01:30:25]} {[%emt
00:00:53]} Nbd7 {[%clk 01:31:20]} {[%emt 00:00:31]} 7. Ngf3 {[%clk 01:29:56]}
{[%emt 00:00:59]} h6 {[%clk 01:30:58]} {[%emt 00:00:52]} 8. Bh4 {[%clk
01:28:34]} {[%emt 00:01:52]} Qb6 {[%clk 01:30:09]} {[%emt 00:01:16]} 9. Qc2
{[%clk 01:17:33]} {[%emt 00:11:33]} Qc7 {[%clk 01:21:04]} {[%emt 00:09:34]} 10.
O-O {[%clk 01:15:47]} {[%emt 00:02:17]} c4 {[%clk 01:19:47]} {[%emt 00:01:48]}
11. Be2 {[%clk 01:15:46]} {[%emt 00:00:30]} b5 {[%clk 01:19:32]} {[%emt
00:00:45]} 12. e4 {[%clk 01:12:54]} {[%emt 00:03:22]} Bb7 {[%clk 01:16:25]}
{[%emt 00:03:35]} 13. Bg3 {[%clk 01:11:27]} {[%emt 00:01:58]} Qb6 {[%clk
01:12:53]} {[%emt 00:04:00]} 14. exd5 {[%clk 01:10:31]} {[%emt 00:01:29]} Bxd5
{[%clk 01:11:47]} {[%emt 00:01:36]} 15. b3 {[%clk 01:05:58]} {[%emt 00:05:04]}
cxb3 {[%clk 01:07:48]} {[%emt 00:04:28]} 16. axb3 {[%clk 01:04:43]} {[%emt
00:01:46]} O-O {[%clk 01:07:50]} {[%emt 00:00:28]} 17. c4 {[%clk 01:03:17]}
{[%emt 00:01:55]} Rfc8 {[%clk 01:05:36]} {[%emt 00:02:42]} 18. Qd3 {[%clk
01:00:30]} {[%emt 00:03:20]} Bc6 {[%clk 01:04:23]} {[%emt 00:01:37]} 19. Ne5
{[%clk 00:48:22]} {[%emt 00:12:44]} Nxe5 {[%clk 01:03:50]} {[%emt 00:01:03]}
20. Bxe5 {[%clk 00:48:24]} {[%emt 00:00:27]} Nd7 {[%clk 01:02:15]} {[%emt
00:02:01]} 21. Nf3 {[%clk 00:46:36]} {[%emt 00:02:22]} Rd8 {[%clk 00:58:52]}
{[%emt 00:03:53]} 22. Qe3 {[%clk 00:34:23]} {[%emt 00:12:43]} Rac8 {[%clk
00:49:53]} {[%emt 00:09:23]} 23. c5 {[%clk 00:26:19]} {[%emt 00:08:40]} Qb7
{[%clk 00:50:13]} {[%emt 00:00:10]} 24. Ra5 {[%clk 00:24:58]} {[%emt 00:01:51]}
Nxe5 {[%clk 00:45:59]} {[%emt 00:04:44]} 25. Qxe5 {[%clk 00:24:47]} {[%emt
00:00:42]} Bf6 {[%clk 00:45:29]} {[%emt 00:01:00]} 26. Qe3 {[%clk 00:24:47]}
{[%emt 00:00:30]} Qd7 {[%clk 00:40:56]} {[%emt 00:05:03]} 27. Ne5 {[%clk
00:23:29]} {[%emt 00:01:47]} Qxd4 {[%clk 00:37:27]} {[%emt 00:03:59]} 28. Qxd4
{[%clk 00:23:33]} {[%emt 00:00:26]} Rxd4 {[%clk 00:37:41]} {[%emt 00:00:16]}
29. Nxc6 {[%clk 00:23:56]} {[%emt 00:00:07]} Rxc6 {[%clk 00:38:06]} {[%emt
00:00:05]} 30. Rxb5 {[%clk 00:24:11]} {[%emt 00:00:15]} Rc7 {[%clk 00:22:41]}
{[%emt 00:15:55]} 31. Rc1 {[%clk 00:18:55]} {[%emt 00:05:45]} Bg5 {[%clk
00:22:47]} {[%emt 00:00:24]} 32. Rd1 {[%clk 00:17:21]} {[%emt 00:02:04]} Rxd1+
{[%clk 00:21:49]} {[%emt 00:01:29]} 33. Bxd1 {[%clk 00:17:44]} {[%emt
00:00:07]} a6 {[%clk 00:20:51]} {[%emt 00:01:29]} 34. Ra5 {[%clk 00:14:27]}
{[%emt 00:03:47]} Bd2 {[%clk 00:20:58]} {[%emt 00:00:23]} 35. Rxa6 {[%clk
00:14:03]} {[%emt 00:00:54]} Rxc5 {[%clk 00:20:36]} {[%emt 00:00:52]} 36. Ra1
{[%clk 00:14:24]} {[%emt 00:00:09]} Re5 {[%clk 00:17:12]} {[%emt 00:03:53]} 37.
Bc2 {[%clk 00:14:20]} {[%emt 00:00:34]} Kf8 {[%clk 00:16:24]} {[%emt 00:01:18]}
38. Bd3 {[%clk 00:13:41]} {[%emt 00:01:09]} Re1+ {[%clk 00:15:38]} {[%emt
00:01:16]} 1/2-1/2

[Event "DVM U14 2023"]
[Site "Magdeburg GER"]
[Date "2023.12.29"]
[Round "5"]
[White "Klein, Deniz"]
[Black "Allen, Phillipp"]
[Result "0-1"]
[Termination "normal"]
[Board "5.3"]
[WhiteElo "1612"]
[BlackElo "1628"]
[WhiteClock "00:03:44"]
[BlackClock "00:18:47"]
[WhiteTeam "SG Kaiserslautern 1905"]
[BlackTeam "SV Erkenschwick 1923"]
[PlyCount "70"]
[WhiteFideId "34611282"]
[BlackFideId "16272846"]
[EventCountry "GER"]
[EventRounds "7"]
[EventType "team-swiss"]
[EventDate "2023.12.26"]

1. c4 {[%clk 01:30:58]} {[%emt 00:00:01]} Nf6 {[%clk 01:30:48]} {[%emt
00:00:12]} 2. g3 {[%clk 01:31:19]} {[%emt 00:00:09]} g6 {[%clk 01:30:49]}
{[%emt 00:00:29]} 3. Bg2 {[%clk 01:31:40]} {[%emt 00:00:09]} Bg7 {[%clk
01:30:55]} {[%emt 00:00:24]} 4. Nc3 {[%clk 01:32:00]} {[%emt 00:00:11]} O-O
{[%clk 01:30:55]} {[%emt 00:00:30]} 5. Nf3 {[%clk 01:32:15]} {[%emt 00:00:15]}
d6 {[%clk 01:31:01]} {[%emt 00:00:25]} 6. O-O {[%clk 01:32:03]} {[%emt
00:00:42]} e5 {[%clk 01:30:35]} {[%emt 00:00:55]} 7. d3 {[%clk 01:31:57]}
{[%emt 00:00:36]} c5 {[%clk 01:30:37]} {[%emt 00:00:27]} 8. e4 {[%clk
01:26:56]} {[%emt 00:05:31]} Nc6 {[%clk 01:30:52]} {[%emt 00:00:14]} 9. Ne1
{[%clk 01:25:05]} {[%emt 00:02:21]} Ne8 {[%clk 01:25:41]} {[%emt 00:05:42]} 10.
f4 {[%clk 01:23:23]} {[%emt 00:02:12]} f5 {[%clk 01:25:40]} {[%emt 00:00:31]}
11. Nc2 {[%clk 01:17:53]} {[%emt 00:06:00]} Nc7 {[%clk 01:24:44]} {[%emt
00:01:26]} 12. Rb1 {[%clk 01:15:25]} {[%emt 00:02:59]} Be6 {[%clk 01:18:20]}
{[%emt 00:06:54]} 13. Nd5 {[%clk 01:10:36]} {[%emt 00:05:19]} Bxd5 {[%clk
01:12:07]} {[%emt 00:06:43]} 14. cxd5 {[%clk 01:09:57]} {[%emt 00:01:10]} Nb4
{[%clk 01:11:47]} {[%emt 00:00:50]} 15. a3 {[%clk 01:04:37]} {[%emt 00:05:50]}
Nxc2 {[%clk 01:12:06]} {[%emt 00:00:10]} 16. Qxc2 {[%clk 01:05:03]} {[%emt
00:00:04]} fxe4 {[%clk 01:04:21]} {[%emt 00:08:16]} 17. dxe4 {[%clk 01:04:51]}
{[%emt 00:00:43]} b5 {[%clk 00:56:13]} {[%emt 00:08:36]} 18. Bd2 {[%clk
00:58:09]} {[%emt 00:07:13]} a5 {[%clk 00:54:15]} {[%emt 00:02:28]} 19. fxe5
{[%clk 00:53:31]} {[%emt 00:05:09]} Bxe5 {[%clk 00:53:01]} {[%emt 00:01:42]}
20. Bc3 {[%clk 00:51:16]} {[%emt 00:02:44]} Qe7 {[%clk 00:49:40]} {[%emt
00:03:52]} 21. Rxf8+ {[%clk 00:47:57]} {[%emt 00:03:50]} Kxf8 {[%clk 00:49:57]}
{[%emt 00:00:13]} 22. Bxe5 {[%clk 00:46:07]} {[%emt 00:02:21]} Qxe5 {[%clk
00:50:09]} {[%emt 00:00:18]} 23. Qc3 {[%clk 00:39:27]} {[%emt 00:07:07]} Qxc3
{[%clk 00:47:57]} {[%emt 00:02:43]} 24. bxc3 {[%clk 00:39:13]} {[%emt
00:00:44]} Rb8 {[%clk 00:45:57]} {[%emt 00:02:30]} 25. Bf1 {[%clk 00:35:56]}
{[%emt 00:03:48]} b4 {[%clk 00:35:47]} {[%emt 00:10:40]} 26. Bc4 {[%clk
00:33:23]} {[%emt 00:03:03]} Ke7 {[%clk 00:35:17]} {[%emt 00:00:59]} 27. Kf2
{[%clk 00:32:28]} {[%emt 00:01:27]} bxc3 {[%clk 00:34:18]} {[%emt 00:01:29]}
28. Rc1 {[%clk 00:23:53]} {[%emt 00:09:04]} Rb2+ {[%clk 00:28:36]} {[%emt
00:06:12]} 29. Ke3 {[%clk 00:19:15]} {[%emt 00:05:07]} Rxh2 {[%clk 00:28:16]}
{[%emt 00:00:51]} 30. Rxc3 {[%clk 00:19:12]} {[%emt 00:00:33]} Rb2 {[%clk
00:27:39]} {[%emt 00:01:02]} 31. Kf4 {[%clk 00:16:02]} {[%emt 00:03:43]} Nb5
{[%clk 00:19:10]} {[%emt 00:08:59]} 32. Bxb5 {[%clk 00:08:42]} {[%emt
00:07:52]} Rxb5 {[%clk 00:19:26]} {[%emt 00:00:14]} 33. e5 {[%clk 00:05:46]}
{[%emt 00:03:26]} Rb1 {[%clk 00:18:59]} {[%emt 00:00:56]} 34. Re3 {[%clk
00:04:07]} {[%emt 00:02:10]} Rf1+ {[%clk 00:18:25]} {[%emt 00:01:03]} 35. Kg5
{[%clk 00:03:44]} {[%emt 00:00:53]} Rf5+ {[%clk 00:18:47]} {[%emt 00:00:08]}
0-1

[Event "DVM U14 2023"]
[Site "Magdeburg GER"]
[Date "2023.12.29"]
[Round "5"]
[White "Al Marawi, Yousef"]
[Black "Arne, Jonas"]
[Result "1-0"]
[Termination "normal"]
[Board "5.4"]
[WhiteElo "1563"]
[BlackElo "1530"]
[WhiteClock "00:32:46"]
[BlackClock "00:42:43"]
[WhiteTeam "SV Erkenschwick 1923"]
[BlackTeam "SG Kaiserslautern 1905"]
[PlyCount "97"]
[WhiteFideId "34607420"]
[BlackFideId "34640398"]
[EventCountry "GER"]
[EventRounds "7"]
[EventType "team-swiss"]
[EventDate "2023.12.26"]

1. e4 {[%clk 01:30:58]} c5 {[%clk 01:30:57]} {[%emt 00:00:04]} 2. Nf3 {[%clk
01:31:23]} {[%emt 00:00:05]} d6 {[%clk 01:31:22]} {[%emt 00:00:06]} 3. d4
{[%clk 01:31:49]} {[%emt 00:00:04]} cxd4 {[%clk 01:31:48]} {[%emt 00:00:03]} 4.
Nxd4 {[%clk 01:32:13]} {[%emt 00:00:06]} Nf6 {[%clk 01:32:16]} {[%emt
00:00:03]} 5. Nc3 {[%clk 01:32:38]} {[%emt 00:00:05]} a6 {[%clk 01:32:43]}
{[%emt 00:00:03]} 6. Be3 {[%clk 01:32:57]} {[%emt 00:00:10]} e5 {[%clk
01:33:09]} {[%emt 00:00:05]} 7. Nb3 {[%clk 01:33:08]} {[%emt 00:00:18]} Be6
{[%clk 01:33:32]} {[%emt 00:00:08]} 8. h3 {[%clk 01:31:15]} {[%emt 00:02:23]}
Be7 {[%clk 01:32:23]} {[%emt 00:01:39]} 9. f4 {[%clk 01:31:32]} {[%emt
00:00:13]} O-O {[%clk 01:27:56]} {[%emt 00:04:57]} 10. f5 {[%clk 01:31:23]}
{[%emt 00:00:39]} Bc8 {[%clk 01:27:04]} {[%emt 00:01:23]} 11. Qf3 {[%clk
01:30:32]} {[%emt 00:01:18]} b5 {[%clk 01:26:11]} {[%emt 00:01:25]} 12. g4
{[%clk 01:27:05]} {[%emt 00:03:57]} Ne8 {[%clk 01:23:39]} {[%emt 00:03:02]} 13.
O-O-O {[%clk 01:25:43]} {[%emt 00:01:52]} Bb7 {[%clk 01:17:30]} {[%emt
00:06:39]} 14. h4 {[%emt 00:03:22]} b4 {[%clk 01:13:47]} {[%emt 00:04:11]} 15.
Nd5 {[%clk 01:21:39]} {[%emt 00:01:44]} Bxd5 {[%clk 01:13:20]} {[%emt
00:00:58]} 16. exd5 {[%clk 01:21:39]} {[%emt 00:00:30]} f6 {[%clk 01:09:35]}
{[%emt 00:04:15]} 17. Kb1 {[%clk 01:16:25]} {[%emt 00:05:44]} a5 {[%clk
01:06:18]} {[%emt 00:03:47]} 18. Nd2 {[%clk 00:57:31]} {[%emt 00:19:23]} Nd7
{[%clk 00:56:47]} {[%emt 00:10:01]} 19. Ne4 {[%clk 00:55:18]} {[%emt 00:02:43]}
Nc5 {[%clk 00:52:59]} {[%emt 00:04:18]} 20. Bxc5 {[%emt 00:04:57]} dxc5 {[%clk
00:53:18]} {[%emt 00:00:10]} 21. d6 {[%clk 00:50:01]} {[%emt 00:01:21]} Nxd6
{[%clk 00:52:20]} {[%emt 00:01:28]} 22. Nxd6 {[%clk 00:50:05]} {[%emt
00:00:26]} Bxd6 {[%clk 00:45:22]} {[%emt 00:07:28]} 23. Qd5+ {[%clk 00:48:47]}
{[%emt 00:01:45]} Kh8 {[%clk 00:44:35]} {[%emt 00:01:21]} 24. Qxd6 {[%clk
00:49:09]} {[%emt 00:00:08]} Qxd6 {[%clk 00:44:43]} {[%emt 00:00:22]} 25. Rxd6
{[%clk 00:49:34]} {[%emt 00:00:04]} Rad8 {[%clk 00:45:02]} {[%emt 00:00:12]}
26. Rxd8 {[%clk 00:49:54]} {[%emt 00:00:10]} Rxd8 {[%clk 00:45:26]} {[%emt
00:00:06]} 27. Be2 {[%clk 00:50:19]} {[%emt 00:00:04]} g6 {[%clk 00:45:00]}
{[%emt 00:00:56]} 28. Rd1 {[%clk 00:45:16]} {[%emt 00:05:31]} Rc8 {[%clk
00:44:05]} {[%emt 00:01:27]} 29. Rd7 {[%clk 00:43:53]} {[%emt 00:01:53]} c4
{[%clk 00:43:26]} {[%emt 00:01:09]} 30. c3 {[%clk 00:33:26]} {[%emt 00:10:57]}
bxc3 {[%clk 00:40:19]} {[%emt 00:03:38]} 31. bxc3 {[%clk 00:33:41]} {[%emt
00:00:15]} Rc5 {[%clk 00:40:40]} {[%emt 00:00:09]} 32. Bf3 {[%clk 00:32:25]}
{[%emt 00:01:45]} gxf5 {[%clk 00:40:21]} {[%emt 00:00:50]} 33. gxf5 {[%emt
00:00:20]} Kg8 {[%clk 00:39:41]} {[%emt 00:01:08]} 34. Rd5 {[%clk 00:31:45]}
{[%emt 00:01:21]} Rc7 {[%clk 00:39:13]} {[%emt 00:00:59]} 35. Rxa5 {[%clk
00:31:56]} {[%emt 00:00:19]} Kg7 {[%clk 00:39:25]} {[%emt 00:00:17]} 36. Ra4
{[%clk 00:31:53]} {[%emt 00:00:32]} Kh6 {[%clk 00:39:30]} {[%emt 00:00:27]} 37.
Be2 {[%clk 00:30:54]} {[%emt 00:01:29]} Rc6 {[%clk 00:39:12]} {[%emt 00:00:48]}
38. Rxc4 {[%clk 00:30:39]} {[%emt 00:00:46]} Rxc4 {[%clk 00:39:18]} {[%emt
00:00:23]} 39. Bxc4 {[%clk 00:31:05]} {[%emt 00:00:04]} Kh5 {[%clk 00:39:44]}
{[%emt 00:00:04]} 40. a4 {[%clk 00:31:34]} {[%emt 00:00:01]} Kxh4 {[%clk
00:40:07]} {[%emt 00:00:06]} 41. a5 {[%clk 00:31:50]} {[%emt 00:00:15]} Kg4
{[%clk 00:40:18]} {[%emt 00:00:18]} 42. Bd3 {[%clk 00:32:01]} {[%emt 00:00:19]}
h5 {[%clk 00:40:41]} {[%emt 00:00:08]} 43. a6 {[%clk 00:32:29]} {[%emt
00:00:02]} h4 {[%clk 00:41:07]} {[%emt 00:00:03]} 44. a7 {[%clk 00:32:48]}
{[%emt 00:00:11]} h3 {[%clk 00:41:34]} {[%emt 00:00:02]} 45. a8=Q {[%clk
00:33:05]} {[%emt 00:00:14]} Kg3 {[%clk 00:41:58]} {[%emt 00:00:07]} 46. Bf1
{[%clk 00:32:56]} {[%emt 00:00:37]} Kh2 {[%clk 00:42:06]} {[%emt 00:00:23]} 47.
Qf3 {[%clk 00:32:03]} {[%emt 00:01:22]} e4 {[%clk 00:42:21]} {[%emt 00:00:15]}
48. Qxh3+ {[%clk 00:32:26]} {[%emt 00:00:07]} Kg1 {[%clk 00:42:43]} {[%emt
00:00:08]} 49. Qg2 {[%clk 00:32:46]} {[%emt 00:00:15]} 1-0

[Event "DVM U14 2023"]
[Site "Magdeburg GER"]
[Date "2023.12.29"]
[Round "5"]
[White "Friedrich, Timofej"]
[Black "Mohammadzadeh, Daris"]
[Result "1-0"]
[Termination "normal"]
[Board "6.2"]
[WhiteElo "1474"]
[BlackElo "1800"]
[WhiteClock "00:27:14"]
[BlackClock "00:30:21"]
[WhiteTeam "SV Stuttgart-Wolfbusch 1956"]
[BlackTeam "Vorwärts Orient Mainz"]
[PlyCount "91"]
[WhiteFideId "34617191"]
[BlackFideId "34604359"]
[EventCountry "GER"]
[EventRounds "7"]
[EventType "team-swiss"]
[EventDate "2023.12.26"]

1. e4 {[%clk 01:30:56]} {[%emt 00:00:04]} c5 {[%clk 01:30:58]} {[%emt
00:00:03]} 2. Nf3 {[%clk 01:31:20]} {[%emt 00:00:06]} Nc6 {[%clk 01:30:41]}
{[%emt 00:00:47]} 3. d4 {[%clk 01:31:34]} {[%emt 00:00:16]} cxd4 {[%clk
01:31:07]} {[%emt 00:00:04]} 4. Nxd4 {[%clk 01:31:59]} {[%emt 00:00:05]} Nf6
{[%clk 01:31:26]} {[%emt 00:00:11]} 5. Nc3 {[%clk 01:32:14]} {[%emt 00:00:15]}
e5 {[%clk 01:31:51]} {[%emt 00:00:05]} 6. Ndb5 {[%clk 01:32:19]} {[%emt
00:00:26]} d6 {[%clk 01:32:15]} {[%emt 00:00:05]} 7. Nd5 {[%clk 01:32:24]}
{[%emt 00:00:25]} Nxd5 {[%clk 01:32:40]} {[%emt 00:00:05]} 8. exd5 {[%clk
01:32:46]} {[%emt 00:00:07]} Nb8 {[%clk 01:33:06]} {[%emt 00:00:04]} 9. c4
{[%clk 01:32:40]} {[%emt 00:00:37]} Be7 {[%clk 01:24:12]} {[%emt 00:09:24]} 10.
Be2 {[%clk 01:28:33]} {[%emt 00:04:36]} O-O {[%clk 01:21:43]} {[%emt 00:03:00]}
11. O-O {[%clk 01:23:42]} {[%emt 00:05:21]} f5 {[%clk 01:07:49]} {[%emt
00:14:24]} 12. f4 {[%clk 01:17:52]} {[%emt 00:06:20]} a6 {[%clk 01:04:42]}
{[%emt 00:03:36]} 13. Nc3 {[%clk 01:15:17]} {[%emt 00:03:06]} Bf6 {[%clk
01:01:34]} {[%emt 00:03:38]} 14. Rb1 {[%clk 01:02:26]} {[%emt 00:13:20]} a5
{[%clk 00:50:14]} {[%emt 00:11:52]} 15. Nb5 {[%clk 00:49:42]} {[%emt 00:13:14]}
Bd7 {[%clk 00:47:32]} {[%emt 00:03:11]} 16. a4 {[%clk 00:40:13]} {[%emt
00:09:59]} Bxb5 {[%clk 00:42:51]} {[%emt 00:05:13]} 17. axb5 {[%clk 00:39:16]}
{[%emt 00:01:26]} Nd7 {[%clk 00:42:33]} {[%emt 00:00:48]} 18. Be3 {[%clk
00:29:56]} {[%emt 00:09:50]} Nc5 {[%emt 00:03:31]} 19. Bxc5 {[%clk 00:28:23]}
{[%emt 00:02:00]} dxc5 {[%clk 00:40:00]} {[%emt 00:00:04]} 20. fxe5 {[%clk
00:28:11]} {[%emt 00:00:42]} Bxe5 {[%clk 00:40:15]} {[%emt 00:00:14]} 21. Bd3
{[%clk 00:23:56]} {[%emt 00:04:46]} Qh4 {[%clk 00:29:25]} {[%emt 00:11:21]} 22.
h3 {[%clk 00:19:57]} {[%emt 00:04:28]} Qg3 {[%clk 00:25:47]} {[%emt 00:04:08]}
23. Rxf5 {[%clk 00:14:08]} {[%emt 00:06:19]} Qh2+ {[%clk 00:24:02]} {[%emt
00:02:15]} 24. Kf1 {[%clk 00:12:51]} {[%emt 00:01:47]} Qh1+ {[%clk 00:16:38]}
{[%emt 00:07:56]} 25. Kf2 {[%clk 00:10:04]} {[%emt 00:03:15]} Rxf5+ {[%clk
00:16:05]} {[%emt 00:01:03]} 26. Bxf5 {[%clk 00:10:11]} {[%emt 00:00:24]} Qxd1
{[%clk 00:16:26]} {[%emt 00:00:09]} 27. Rxd1 {[%clk 00:10:34]} {[%emt
00:00:08]} Rf8 {[%clk 00:16:42]} {[%emt 00:00:13]} 28. Ke3 {[%clk 00:09:56]}
{[%emt 00:01:07]} Rxf5 {[%clk 00:02:57]} {[%emt 00:14:16]} 29. Ke4 {[%clk
00:10:19]} {[%emt 00:00:07]} Rf6 {[%clk 00:00:53]} {[%emt 00:02:34]} 30. Kxe5
{[%clk 00:10:40]} {[%emt 00:00:08]} Kf7 {[%clk 00:01:16]} {[%emt 00:00:07]} 31.
d6 {[%clk 00:10:00]} {[%emt 00:01:10]} Ke8 {[%clk 00:01:22]} {[%emt 00:00:24]}
32. d7+ {[%clk 00:07:15]} {[%emt 00:03:15]} Kd8 {[%clk 00:01:44]} {[%emt
00:00:08]} 33. b3 {[%clk 00:03:59]} {[%emt 00:03:46]} Rg6 {[%clk 00:00:53]}
{[%emt 00:01:21]} 34. g4 {[%clk 00:04:14]} {[%emt 00:00:15]} Rh6 {[%clk
00:00:47]} {[%emt 00:00:36]} 35. Rd3 {[%clk 00:04:31]} {[%emt 00:00:13]} Rg6
{[%clk 00:00:40]} {[%emt 00:00:38]} 36. Kf5 {[%clk 00:01:50]} {[%emt 00:03:10]}
Rf6+ {[%clk 00:00:50]} {[%emt 00:00:20]} 37. Ke5 {[%clk 00:02:07]} {[%emt
00:00:13]} Rf7 {[%clk 00:00:48]} {[%emt 00:00:32]} 38. Rd5 {[%clk 00:01:23]}
{[%emt 00:01:14]} Re7+ {[%clk 00:00:38]} {[%emt 00:00:40]} 39. Kd6 {[%clk
00:01:17]} {[%emt 00:00:36]} b6 {[%emt 00:00:38]} 40. Kc6 {[%clk 00:01:38]}
{[%emt 00:00:08]} Re6+ {[%clk 00:00:56]} {[%emt 00:00:04]} 41. Rd6 {[%clk
00:01:50]} {[%emt 00:00:19]} Re3 {[%clk 00:30:22]} {[%emt 00:01:04]} 42. Kxb6
{[%clk 00:30:15]} {[%emt 00:02:05]} Rxb3 {[%clk 00:30:49]} {[%emt 00:00:03]}
43. Kxc5 {[%clk 00:30:19]} {[%emt 00:00:26]} a4 {[%clk 00:30:52]} {[%emt
00:00:27]} 44. Ra6 {[%clk 00:27:24]} {[%emt 00:03:25]} Kxd7 {[%clk 00:30:01]}
{[%emt 00:01:21]} 45. Rxa4 {[%clk 00:26:56]} {[%emt 00:00:59]} Rxh3 {[%clk
00:30:21]} {[%emt 00:00:10]} 46. Ra7+ {[%clk 00:27:14]} {[%emt 00:00:12]} 1-0